000 00777nam a2200229 a 4500
001 BRCA_1158
005 20190320203316.0
008 860917s1987 nmua---##b---s001-0#eng-#
020 _a0826309305
040 _aDLC
_cDLC
_dDLC
050 4 _aNB1255
_b.P35 1987
100 1 _aPalmer, Gabrielle G.
_d1938-
_93745
245 1 0 _aSculpture in the Kingdom of Quito
_cGabrielle G. Palmer.
260 _aAlbuquerque
_bUniversity of New Mexico Press
_c1987
300 _axvii, 164 p.
_bil. (algunas a color)
_c26 cm.
500 _aIncluye índice alfabético
504 _aBibliografía: p. 153-155
650 1 4 _aEscultura de madera ecuatoriana
_zEcuador
_93827
650 1 4 _aEscultura de madera colonial
_zEcuador
_93828
650 1 4 _aTallado en madera
_zEcuador
_93829
942 _2lcc
_cB
999 _c1035
_d1035